| 000 | 00646cab a2200241 4500 | ||
|---|---|---|---|
| 001 | X2093 | ||
| 008 | 090401t1995 xxu||||| |||| 00| 0 eng d | ||
| 035 | _a(Sirsi) u21726 | ||
| 041 | _aeng | ||
| 100 | _aEdge, J | ||
| 245 | _aChartered surveyors` education channel | ||
| 260 | _c1995 | ||
| 350 | _a0 | ||
| 490 |
_aCSM (Chartered Surveyor Monthly) _v4(5) March 1995, 45(1) |
||
| 650 | _aCHARTERED SURVEYORS EDUCATION CHANNEL | ||
| 650 | _aCPD | ||
| 650 | _aCSEC | ||
| 650 | _aTELEVISION EDUCATION NETWORK LTD | ||
| 650 | _aTEN | ||
| 690 | _aMANAGEMENT-BUSINESS MANAGEMENT-PROFESSIONAL PRACTICE | ||
| 942 | _n0 | ||
| 948 | _c04/03/1997 | ||
| 999 |
_c14569 _d14569 |
||